Word Ladder: You're the Next Contestant On... Quiz Stats

 Plays Quiz Updated Nov 24, 2014

Challenge
Share
Tweet
Embed
Score 0/36 Timer 05:00
2 Plays Today
Clue 5-Letter Rung % Correct
The _____ Is RightPRICE
98.6%
Finger wound for a blood testPRICK
95.6%
Select with a mouseCLICK
94.4%
Who _____ to Be a MillionaireWANTS
92.8%
Beat the _____CLOCK
92.3%
_____ of FortuneWHEEL
91.9%
Living room seatingCOUCH
90.6%
Fuzzy fruitPEACH
90.4%
One way to prepare eggsPOACH
89.6%
Alternative to first-classCOACH
89.5%
Red or _____?BLACK
88.8%
Clear one's throatCOUGH
88.5%
TranquilityPEACE
87.8%
City divisionBLOCK
87.3%
Watson's partnerCRICK
86.9%
LocationPLACE
86.1%
PharmaceuticalsDRUGS
84%
Woman's garmentDRESS
81.9%
Clue 5-Letter Rung % Correct
Magicians' gearWANDS
81.6%
_____ Your LuckPRESS
79.1%
Shows patienceWAITS
78.4%
Bottom of the barrelDREGS
77.9%
Football's Flutie and Nickelodeon's Funnie, e.g.DOUGS
74.5%
Tic-Tac-_____DOUGH
73.5%
Roller coaster riders' criesWHEES
71.5%
Garden spoilersWEEDS
68.3%
Gets readyPREPS
65.3%
Proceeds on one's wayWENDS
64.9%
Easter treatsPEEPS
63.2%
Cries loudlyWEEPS
61.9%
Sharpens, as a knifeWHETS
60.1%
Tiny particlesWHITS
56.7%
CandiedGLACÉ
49.9%
Charm or beautyGRACE
49%
SupportBRACE
48.2%
Judge in ''Hedda Gabler''BRACK
48.2%

Today's Daily Dose

You're not logged in!

Compare scores with friends on all Sporcle quizzes.
Join for Free
OR
Log In

You Might Also Like...

Show Comments

Extras

Top Quizzes Today


Score Distribution

Your Account Isn't Verified!

In order to create a playlist on Sporcle, you need to verify the email address you used during registration. Go to your Sporcle Settings to finish the process.

Report this User

Report this user for behavior that violates our Community Guidelines.

Details: